Knižničný zborník 1990

Saved in:
Bibliographic Details
Format: Book
Language:Slovak
Published: Martin Matica slovenská 1990
Series:Teória a výskum
Tags: Add Tag
No Tags, Be the first to tag this record!

MARC

LEADER 00000nam a2200000 4500
001 c034341
005 20260121101216.7
041 0 |a slo 
044 |a SK 
245 1 0 |a Knižničný zborník 1990  |c zost. Margita Buociková 
264 1 |a Martin  |b Matica slovenská  |c 1990 
300 |a 232 s. 
490 1 |a Teória a výskum 
830 0 |a Teória a výskum